00228nam a2200073Ia 4500008004100000082001500041100001500056245008300071240331s9999 xx 000 0 und d a294.5bCOL aColeman, C 4aThe Mythology of the Hindus with notices of Various Mountain and Island Tribes